000
00348nam a2200133Ia 4500
008
240703s9999 xx 000 0 und d
041
_a
eng
100
_a
Ambrosini V.
245
_a
How To Develop A Sustainable Business School
260
_b
Edward Elgar Publishers
_c
2023
365
_c
_b
7,714.00
906
_b
33
999
_c
40839
_d
40839